MARC

LEADER 00000nbm0a2200000 4500
001 175027
005 20231031165000.0
035 |a (RuTPU)RU\TPU\book\189792 
090 |a 175027 
100 |a 20100208d1966 k y0rusy50 ca 
101 0 |a rus 
102 |a RU 
105 |a y z 000zy 
200 1 |a Рукопись отчета о поездке в Италию  |f А. А. Воробьев 
210 |a Томск  |d 1966 
300 |a Страницы не проставлены. 
610 1 |a ТПИ 
610 1 |a Томский политехнический институт 
610 1 |a зарубежные командировки 
610 1 |a Италия 
610 1 |a отчеты 
610 1 |a рукописные материалы 
610 1 |a труды учёных ТПУ 
675 |a 62(09)  |v 3 
700 1 |a Воробьев  |b А. А.  |c российский физик  |c ректор Томского политехнического института, профессор  |f 1909-1981  |g Александр Акимович  |2 stltpush  |3 (RuTPU)RU\TPU\pers\12805 
801 1 |a RU  |b 63413507  |c 20100208 
942 |c BK